000 00812nam a2200181Ia 4500
008 100920s9999 xx 000 0 und d
082 _b58403
_a24 थ 91
100 _aलेले अरविंद.
245 _aभोंदू निधर्मीवादाला हिंदूत्वाचे आव्हान.
260 _bभारतीय विचार साधना, पुणे प्रकाशन.
_c1991
300 _a24
_bसाधी
365 _b3
520 _aसायो.
630 _aभोंदू निधर्मीवादाला हिंदूत्वाचे आव्हान.
650 _aसायो.
730 _aभोंदू निधर्मीवादाला हिंदूत्वाचे आव्हान.
942 _cBOOK
999 _c702101
_d702098